000 01195nam0a22002891 4500
001 rc\1361878
005 20260608070024.0
035 _a(NLR Aleph) 005284788
090 _a6133243
_c6133243
100 _a20060512d1866 |||y0rusy50 ca
101 0 _arus
102 _aRU
105 _ay z |||||
200 1 _aСказочный мир для старого и малого
_eСост. по сб. д-ра Г. Клетке
_e(Сказки север. народов)
210 _aМосква
_cтип. Ф.Б. Миллера
_d1866
215 _a[2], II, 247, II с.
_d22
300 _aИз предисл.: Отдел русских сказок заимствован из сб. А.Н. Афанасьева
702 1 _aКлетке
_bГ.
_f1813-1886
_gГерман
_4100
702 1 _4570
_8rus
_7ca
_aАфанасьев
_bА. Н.
_cфольклорист
_f1826-1871
_gАлександр Николаевич
_3RU\NLR\AUTH\778217
_9118131
801 0 _aRU
_bNLR
_c20060512
_gpsbo
801 0 _aRU
_bRuMoRGB
_c20060512
_2psbo
801 1 _aRU
_bProSoft-M
_c20060512
_2rusmarc
801 2 _aRU
_bNLR
_c20130703
_2rusmarc
852 _aNLR
_j133/4872
852 _aNLR
_j18.230.2.20
942 _cBOOK
980 _aNB